The walk-over site survey (Record no. 16081)

MARC details
000 -LEADER
fixed length control field 00626cab a2200229 4500
001 - CONTROL NUMBER
control field ABS56488
008 - FIXED-LENGTH DATA ELEMENTS--GENERAL INFORMATION
fixed length control field 090401t1997 xxu||||| |||| 00| 0 eng d
035 ## - SYSTEM CONTROL NUMBER
System control number (Sirsi) u24015
041 ## - LANGUAGE CODE
Language code of text/sound track or separate title eng
100 ## - MAIN ENTRY--PERSONAL NAME
Personal name Whewell, J.
245 #4 - TITLE STATEMENT
Title The walk-over site survey
260 ## - PUBLICATION, DISTRIBUTION, ETC.
Date of publication, distribution, etc. 1997
350 ## - PRICE (NR) (BK AM CF MU VM SE) [OBSOLETE]
Price 0
490 ## - SERIES STATEMENT
Series statement Valuer (ISVA)
Volume/sequential designation 66(1) January/February 1997, 22-23(2)
520 ## - SUMMARY, ETC.
Summary, etc. Looks at the benefits of site investigation and the important stages in the process.
650 ## - SUBJECT ADDED ENTRY--TOPICAL TERM
Topical term or geographic name entry element DESK STUDIES
650 ## - SUBJECT ADDED ENTRY--TOPICAL TERM
Topical term or geographic name entry element SITE INVESTIGATION
650 ## - SUBJECT ADDED ENTRY--TOPICAL TERM
Topical term or geographic name entry element TOPOGRAPHY
690 ## - LOCAL SUBJECT ADDED ENTRY--TOPICAL TERM (OCLC, RLIN)
Topical term or geographic name as entry element LAND SURVEYING
942 ## - ADDED ENTRY ELEMENTS (KOHA)
Suppress in OPAC 0
948 ## - LOCAL PROCESSING INFORMATION (OCLC); SERIES PART DESIGNATOR (RLIN)
c (OCLC) 04/03/1997
Holdings
Withdrawn status Lost status Source of classification or shelving scheme Damaged status Not for loan Home library Current library Shelving location Date acquired Total Checkouts Full call number Barcode Date last seen Copy number Price effective from Koha item type
    Dewey Decimal Classification     London London Journal article 14/09/1999   ABS56488 24015-1001 06/08/2019 1 06/08/2019 Journal article